000 00508nam a2200181Ia 4500
001 14330
005 20260306164906.0
008 260306t2018||||xx |||||||||||||| ||spa||
041 _aESP
082 _a511.8
_bH76
100 _aHorra Navarro, Julián de la
_eAUT
245 0 _aModelos matemáticos para ciencias experimentales:
_bcon la solución detallada de todos los ejercicios
260 _c2018
300 _a243 páginas :
_c21 cm.
650 _aGEN
654 _aCMA
942 _cLIB
_dJUS
_fJUS
_2ddc
_n
999 _c14330
_d14330